000 00511nam a2200193Ia 4500
003 GCL
008 140319s9999 xx 000 0 ara d
040 _aGCL /
_cGCL
082 0 4 _a190
_bا ف
100 1 _aاحمد محمود صبحى
245 1 0 _aفى فلسفة الطب /
_cاحمد محمود صبحى
700 1 _aمحمود فهمى زيدان
300 _a176 ص
490 _a
650 0 4 _aالطب
650 0 4 _aالفلسفة
650 0 4 _aالفلسفة الحديثة
942 _2ddc
_cBK
999 _c44471
_d44471